00362nam a2200133 a 450000500170000000800410001702000060005805000240006410000190008824500400010726000480014730000210019565000120021620140310183205.0030304s19uu xx 00 eng d a  aPR 6005b.C754 1980 aConrad, Joseph aHeart of Darkness /cJoseph Conrad. aIowa :bThe Perfection form Company,c1980. a141 p. :c18 cm. aFiction